000 00532nam a2200181Ia 4500
008 090123s9999 xx 000 0 und d
082 _b3651
100 _aमिरासदार द.मा.
245 _aगंमत गोष्टी
250 _a1
260 _bकल्पना
_c1974
300 _a161
600 _aमिरासदार द.मा.
630 _aगंमत गोष्टी
700 _aमिरासदार द.मा.
730 _aगंमत गोष्टी
942 _cBOOK
999 _c41730
_d41730